000 00638nam a2200193Ia 4500
005 20250508155642.0
008 008 250505s9999 xx 000 0 hin d
020 _a978-1-40206161-5
037 _aBooks to be hide in OPAC
040 _aFEDL
_beng
_cFEDL
041 _ahin
_2eng
084 _a300.7, NCE/O
_qFEDL
245 0 _aSamajik addhayan: Humari Delhi: Tisari kaksha ke liye
245 0 _cNational Council of Education Research And Training
260 _aNew Delhi, India
_bNational Council of Education Research and Training
_c1967
300 _a212p.
942 _cHB
_h300.7, NCE/O
999 _c1358540
_d1358540